| 000 | 00816nam a22002535a 4500 | ||
|---|---|---|---|
| 008 | 161218b ii a|||fr|||| 000 0 eng d | ||
| 020 | _a9350385651 | ||
| 020 | _a9789350385654 | ||
| 040 |
_aEG-ScBUE _beng _cEG-ScBUE |
||
| 082 | 0 | 4 |
_222 _a621.382 _bBAG |
| 100 | 1 |
_941722 _aBagad, Vilas S. |
|
| 245 |
_aElectronic switching / _cVilas S. Bagad, Anjali Bagad. |
||
| 250 | _a2nd rev. ed. | ||
| 260 |
_aIndia : _bTechnical Publications, _c2014. |
||
| 300 |
_a1 v. (various pagings) : _bill. ; _c22 cm. |
||
| 590 | _aWessam | ||
| 650 | 7 |
_2BUEsh _941724 _aTelecommunication _xSwitching systems. |
|
| 650 | 7 |
_91259 _aTelecommunication systems. |
|
| 650 | 7 |
_941725 _aTelecommunication _xTraffic. |
|
| 651 | _2BUEsh | ||
| 653 |
_bENGELC _cDecember2016 |
||
| 700 | 1 |
_941723 _aBagad, Anjali |
|
| 942 |
_2ddc _e22 _k621.382 BAG |
||
| 999 |
_c23607 _d23579 |
||